Psicología clínica
Saved in:
| Hovedforfatter: | |
|---|---|
| Format: | Bog |
| Sprog: | spansk |
| Udgivet: |
Ciudad de México
UTEHA
1965
|
| Serier: | Manuales UTEHA. Sección 8 psicología, 259-259
|
| Fag: | |
| Tags: |
Tilføj Tag
Ingen Tags, Vær først til at tagge denne postø!
|
MARC
| LEADER | 00000nam a2200000 a 4500 | ||
|---|---|---|---|
| 001 | UCY1253 | ||
| 003 | CL-VaPUC | ||
| 008 | 940825e19650000MX |||||||||||||||||spa|d | ||
| 082 | 0 | 4 | |a 616.89 |b ROT |2 21 |
| 100 | 0 | |a Rotter, Julian B |e author |9 329200 | |
| 245 | 1 | 0 | |a Psicología clínica |
| 300 | |a 186 p | ||
| 942 | |c BK | ||
| 945 | |d 19940825 00:00:00 |a aalvarez | ||
| 260 | |a Ciudad de México |b UTEHA |c 1965 | ||
| 650 | 0 | |a Psicología clínica |9 307259 | |
| 650 | 0 | |a Psicología del niño |9 307305 | |
| 650 | 7 | |a PSICOTERAPIA |2 CL-VaPUC |9 329201 | |
| 583 | |a last modification |c 20130106 11:27:30 |k Rodrigo Vera | ||
| 490 | 0 | |a Manuales UTEHA. Sección 8 psicología, 259-259 | |
| 999 | |c 230020 |d 230018 | ||
| 952 | |0 0 |1 0 |4 0 |6 616_890000000000000_ROT_1965 |7 0 |8 A |9 231836 |a BIBHIS |b BIBHIS |d 2019-11-15 |i 3003620 |o 616.89 ROT 1965 |p 3003620 |r 2025-01-20 |w 2019-11-15 |y BK |k HIS | ||